000
00298nam a2200121Ia 4500
008
191201s2009 xx 000 0 und d
100
_a
CHANDER, J.S.
245
0
_a
Organizational Behavior MBA 2.26 DE SEM.2
260
_a
N. Delhi
_b
Vikas Pub
_c
2009
300
_a
296
650
_a
MBA
942
_2
ddc
_c
BK
999
_c
282
_d
282